| 000 | 00970nam a22002897a 4500 | ||
|---|---|---|---|
| 001 | 9823 | ||
| 003 | FISKH | ||
| 005 | 20260302142559.0 | ||
| 008 | 260302b cb ||||| |||| 00| 0 eng d | ||
| 020 | _a9780439328890 | ||
| 040 |
_aFISKH _beng _cFISKH _dFISKH |
||
| 050 | _aGN293 .W56 | ||
| 082 | _a599.97 | ||
| 100 | _aWilcox , Charlotte | ||
| 245 |
_aMummies, bones & body parts / _cby Charlotte Wilcox |
||
| 250 | _aFirst Scholastic printing , October 2001 | ||
| 260 |
_aNew York : _bScholastic , _c2000 . |
||
| 300 |
_a64 pages : _bcolor illustrations ; _c20 X 23cm . |
||
| 505 | _aZ | ||
| 520 | _aDescribes the wide variety of human remains, the use and abuse of them, what they reveal about life in the past, and contemporary attitudes toward the dead. | ||
| 521 | 8 |
_a900
_bLexile |
|
| 521 | 8 |
_aZ
_bRaz-Plus |
|
| 650 |
_aHistory and Leaders _vNon-fiction |
||
| 650 |
_aMummies _vNon-fiction |
||
| 942 |
_2ddc _cBK _n0 |
||
| 999 |
_c9823 _d9823 |
||